GEO:connexion (Record no. 118755)

MARC details
000 -LEADER
fixed length control field 00543cas a22002055a 4500
001 - CONTROL NUMBER
control field L118667
008 - FIXED-LENGTH DATA ELEMENTS--GENERAL INFORMATION
fixed length control field 020703c2001 xxkmr p 0 a0eng u
022 0# - INTERNATIONAL STANDARD SERIAL NUMBER
International Standard Serial Number 0926-3403
035 ## - SYSTEM CONTROL NUMBER
System control number (Sirsi) u118667
041 0# - LANGUAGE CODE
Language code of text/sound track or separate title eng
240 ## - UNIFORM TITLE
Uniform title GEO connexion
245 ## - TITLE STATEMENT
Title GEO:connexion
260 ## - PUBLICATION, DISTRIBUTION, ETC.
Place of publication, distribution, etc. Godmanchester
Name of publisher, distributor, etc. Geo:connexion
Date of publication, distribution, etc. 2001-
362 0# - DATES OF PUBLICATION AND/OR SEQUENTIAL DESIGNATION
Dates of publication and/or sequential designation 1(1) December 2001/January 2002-
554 ## -
-- 10 per year
651 #4 - SUBJECT ADDED ENTRY--GEOGRAPHIC NAME
Geographic name International
690 ## - LOCAL SUBJECT ADDED ENTRY--TOPICAL TERM (OCLC, RLIN)
Topical term or geographic name as entry element ENVIRONMENTAL AND LAND CONSULTANCY-GEOMATICS
780 00 - PRECEDING ENTRY
Title GEOEurope
International Standard Serial Number 0926-3403
942 ## - ADDED ENTRY ELEMENTS (KOHA)
Suppress in OPAC 0
Holdings
Withdrawn status Lost status Source of classification or shelving scheme Damaged status Not for loan Home library Current library Shelving location Date acquired Total Checkouts Full call number Barcode Date last seen Price effective from Koha item type
    Dewey Decimal Classification     London London Gallery 20/10/2004   GEO:CONNEXION 118667-1001 06/08/2019 06/08/2019 Journal